Z kim graniczy... - Statystyki

Ogólne statystyki
  • Ten quiz został rozwiązany 15 razy
  • Średni wynik to 5 z 5
Statystyki odpowiedzi
Długość granicy Kraj % Poprawnych
605 km Irak
100%
76 km Izrael
93%
375 km Jordania
93%
375 km Liban
93%
822 km Turcja
86%
Nie znaleziono quizów pasujących do podanych kryteriów
Rozkład punktacji
Procent ludzi z każdym wynikiem
Percentyl według liczby udzielonych odpowiedzi
Twoja historia wyników
Nie rozwiązałeś tego quizu